000 02302cam a22003978i 4500
001 23034942
003 JO-AjAnu
005 20241110095408.0
008 230325s2023 nju b 001 0 eng
010 _a 2023012978
020 _a9780137931286
_q(paperback)
040 _aLBSOR
_beng
_erda
_cLBSOR
_dDLC
_dJO-AjAnu
042 _apcc
050 0 0 _aHD38.7
_b.B8714 2024
082 0 0 _a658.4/72
_223/eng/20230522
100 1 _aSharda, Ramesh,
_eauthor.
240 1 0 _aBusiness intelligence
245 1 0 _aBusiness intelligence, analytics, data science, and AI /
_cRamesh Sharda, Dursun Delen, Efraim Turban.
250 _aFifth edition.
263 _a2306
264 1 _aBoston :
_bPearson,
_c[2024]
300 _apages cm
336 _atext
_btxt
_2rdacontent
337 _aunmediated
_bn
_2rdamedia
338 _avolume
_bnc
_2rdacarrier
504 _aIncludes bibliographical references and index.
505 0 _aAn overview of business intelligence, analytics, and data science -- Descriptive analytics I : nature of data, statistical modeling, and visualization -- Descriptive analytics II : business intelligence and data warehousing -- Predictive analytics I : data mining process, methods, and algorithms -- Predictive analytics II : text, web, and social media analytics -- Prescriptive analytics : optimization and simulation -- Big data concepts and tools -- Future trends, privacy and managerial considerations in analytics.
520 _a"Analytics, Data Science, and Artificial Intelligence (AI) have become the technology drivers of today. All major companies and organizations are creating new organizational units focused on analytics to help them become more effective and efficient in their operations. Decision makers are using more computerized tools to support their work, and even consumers are using analytics tools, either directly or indirectly, to make decisions on routine activities such as shopping, health/healthcare, travel, and entertainment"--
_cProvided by publisher.
650 0 _aBusiness intelligence.
650 0 _aIndustrial management.
_92871
700 1 _aDelen, Dursun,
_eauthor.
700 1 _aTurban, Efraim,
_eauthor.
906 _a7
_bcbc
_corignew
_d1
_eecip
_f20
_gy-gencatlg
942 _2lcc
_cBK
_n0
999 _c33845
_d33845